000 00605nam a2200229Ia 4500
003 OSt
005 20221005131614.0
006 a|||||r|||| 00| 0
007 ta
008 221004b |||||||| |||| 00| 0 mal d
024 _a57289
037 _cTextual
040 _aCRL
_cCRL
_bmal
041 _2mal
_amal
082 _aO32,6N09x, K6
100 _aPisharody K. P. Narayana Au.
_9639865
245 0 _aSruthimandalam
260 _c1966
650 _aMALAYALAM LITERATURE
_938866
942 _hO32,6N09x, K6
_cTEXL
_2cc
999 _c1060880
_d1060880